<?xml version="1.0" encoding="UTF-8"?>
<record
    xmlns:xsi="http://www.w3.org/2001/XMLSchema-instance"
    xsi:schemaLocation="http://www.loc.gov/MARC21/slim http://www.loc.gov/standards/marcxml/schema/MARC21slim.xsd"
    xmlns="http://www.loc.gov/MARC21/slim">

  <leader>00722nam a22002177a 4500</leader>
  <controlfield tag="005">20240530110540.0</controlfield>
  <controlfield tag="008">160507s2013    ua o|||g |||| 00| 0 a   d</controlfield>
  <datafield tag="020" ind1=" " ind2=" ">
    <subfield code="a">9789772814978</subfield>
  </datafield>
  <datafield tag="040" ind1=" " ind2=" ">
    <subfield code="a">EG-CaGPL</subfield>
  </datafield>
  <datafield tag="082" ind1="0" ind2="4">
    <subfield code="a">391.43</subfield>
    <subfield code="b">&#x648; &#x63A;</subfield>
    <subfield code="2">21</subfield>
  </datafield>
  <datafield tag="100" ind1="0" ind2=" ">
    <subfield code="a">&#x648;&#x62C;&#x62F;&#x627;&#x646; &#x62D;&#x645;&#x632;&#x629;</subfield>
  </datafield>
  <datafield tag="245" ind1="1" ind2="0">
    <subfield code="a">&#x63A;&#x637;&#x627;&#x621; &#x627;&#x644;&#x631;&#x623;&#x633; :</subfield>
    <subfield code="b">&#x62A;&#x648;&#x627;&#x635;&#x644; &#x639;&#x628;&#x631; &#x627;&#x644;&#x639;&#x635;&#x648;&#x631; &#x648;&#x627;&#x644;&#x627;&#x62F;&#x64A;&#x627;&#x646; /</subfield>
    <subfield code="c">&#x648;&#x62C;&#x62F;&#x627;&#x646; &#x62D;&#x645;&#x632;&#x629;.</subfield>
  </datafield>
  <datafield tag="260" ind1=" " ind2=" ">
    <subfield code="a">&#x627;&#x644;&#x642;&#x627;&#x647;&#x631;&#x629; :</subfield>
    <subfield code="b">&#x627;&#x644;&#x645;&#x643;&#x62A;&#x628;&#x629; &#x627;&#x644;&#x627;&#x643;&#x627;&#x62F;&#x64A;&#x645;&#x629;&#x60C;</subfield>
    <subfield code="c">2013.</subfield>
  </datafield>
  <datafield tag="300" ind1=" " ind2=" ">
    <subfield code="a">206 &#x635;. :</subfield>
    <subfield code="b">&#x635;&#x648;&#x631; &#x61B;</subfield>
    <subfield code="c">30 &#x633;&#x645;.</subfield>
  </datafield>
  <datafield tag="650" ind1="0" ind2="4">
    <subfield code="a">&#x627;&#x63A;&#x637;&#x64A;&#x629; &#x627;&#x644;&#x631;&#x627;&#x633;</subfield>
  </datafield>
  <datafield tag="650" ind1="0" ind2="4">
    <subfield code="a">&#x627;&#x644;&#x639;&#x627;&#x62F;&#x627;&#x62A; &#x648;&#x627;&#x644;&#x62A;&#x642;&#x627;&#x644;&#x64A;&#x62F;</subfield>
  </datafield>
  <datafield tag="650" ind1="0" ind2="4">
    <subfield code="a">&#x627;&#x644;&#x646;&#x633;&#x627;&#x621;</subfield>
  </datafield>
  <datafield tag="650" ind1="0" ind2="4">
    <subfield code="a">&#x627;&#x644;&#x62D;&#x62C;&#x627;&#x628;</subfield>
  </datafield>
  <datafield tag="942" ind1=" " ind2=" ">
    <subfield code="2">ddc</subfield>
    <subfield code="c">BK</subfield>
  </datafield>
  <datafield tag="999" ind1=" " ind2=" ">
    <subfield code="c">62231</subfield>
    <subfield code="d">62231</subfield>
  </datafield>
  <datafield tag="952" ind1=" " ind2=" ">
    <subfield code="0">0</subfield>
    <subfield code="1">0</subfield>
    <subfield code="4">0</subfield>
    <subfield code="7">0</subfield>
    <subfield code="a">CAI</subfield>
    <subfield code="b">CAI</subfield>
    <subfield code="d">2016-05-07</subfield>
    <subfield code="l">0</subfield>
    <subfield code="o">391.43 &#x648; &#x63A;</subfield>
    <subfield code="p">161893</subfield>
    <subfield code="r">2016-05-07 00:00:00</subfield>
    <subfield code="w">2016-05-07</subfield>
    <subfield code="y">BK</subfield>
  </datafield>
</record>
